| 000 | 00000nam 2200000zi 4500 |
| 001 | 9.939916 |
| 003 | CaOODSP |
| 005 | 20240627110622 |
| 006 | m o d f |
| 007 | cr bn||||||||| |
| 008 | 240627t19831983quca ob f000 0 fre d |
| 020 | |z0662919955 |q(incorrect) |
| 040 | |aCaOODSP|bfre|erda|cCaOODSP |
| 041 | 0 |afre|bfre|beng |
| 043 | |an-cn--- |
| 086 | 1 |aEn42-1/82-4F-PDF |
| 086 | 1 |aEn43-4/82-4F|zEn43-4/77-3F |
| 245 | 10|aEaux de drainage des parcs à charbon des centrales thermo-électriques : |bcaractérisation et traitement / |cpar Dearborn Environmental Consulting Services, Mississauga (Ontario). |
| 264 | 1|aHull (Québec), Canada : |bEnvironnement Canada, Service de la protection de l'environnement = Environment Canada, Environmental Protection Service, |c1983. |
| 264 | 4|c©1983 |
| 300 | |a1 ressource en ligne (xiii, 165 pages) : |billustrations. |
| 336 | |atexte|btxt|2rdacontent/fre |
| 337 | |ainformatique|bc|2rdamedia/fre |
| 338 | |aressource en ligne|bcr|2rdacarrier/fre |
| 490 | 1 |aLes rapports du Service de la protection de l'environnement = |aEnvironmental Protection Service report series |
| 500 | |aPublié aussi en anglais sous le titre : Characterization and treatability of drainage samples from coal piles at steam electric power stations. |
| 500 | |a« Pour le compte de la : Direction générale de la pollution des eaux, Service de la protection de l'environnement, Environnement Canada. » |
| 500 | |a« Rapport n° EPS 3-WP-82-4F. » |
| 500 | |a« Analyse économique et technique, rapport EPS 3-WP-82-4F » -- Couverture. |
| 500 | |a« Direction générale de la lutte contre la pollution des eaux, mars 1983 » -- Couverture. |
| 500 | |aÉdition numérisée de l'imprimé [par Environnement et changement climatique Canada]. |
| 504 | |aComprend des références bibliographiques (pages 116-119). |
| 546 | |aComprend des résumés en français et en anglais. |
| 650 | 6|aProduit de lixiviation|xAspect de l'environnement|zCanada. |
| 650 | 6|aÉcoulement (Hydrologie)|xAspect de l'environnement|zCanada. |
| 650 | 6|aProduit de lixiviation|xÉpuration|zCanada. |
| 650 | 6|aÉcoulement (Hydrologie)|xÉpuration|zCanada. |
| 650 | 6|aCharbon|xStockage|xAspect de l'environnement|zCanada. |
| 650 | 6|aCoke|xStockage|xAspect de l'environnement|zCanada. |
| 650 | 6|aCentrales au charbon|xAspect de l'environnement|zCanada. |
| 650 | 6|aAcieĢries|xAspect de l'environnement|zCanada. |
| 710 | 1 |aCanada. |bService de la protection de l'environnement, |eorganisme de publication. |
| 710 | 1 |aCanada.|bDirection générale de la lutte contre la pollution des eaux, |eorganisme de publication. |
| 710 | 2 |aDearborn Environmental Consulting Services, |econsultant. |
| 775 | 08|tCharacterization and treatability of drainage samples from coal piles at steam electric power stations / |w(CaOODSP)9.939914 |
| 830 | #0|aSérie de rapports du Service de la protection de l'environnement.|w(CaOODSP)9.866045 |
| 856 | 40|qPDF|s4.84 Mo|uhttps://publications.gc.ca/collections/collection_2024/eccc/en42/En42-1-82-4-fra.pdf |